[Event "Match"]
[Site "www.echecsemail.com"]
[Date "2015.02.11"]
[Round "1"]
[White "Generalfree"]
[Black "Darknight"]
[WhiteElo "1800"]
[BlackElo "1790"]
[Result "1-0"]
[Round "1"]
1.e4 e5
2.Ng1f3 d6
3.c3 Bc8g4
4.h3 Bg4h5
5.g4 Bh5g6
6.d3 h6
7.Bc1e3 Nb8c6
8.a4 a6
9.b4 Ng8f6
10.Bf1e2 Qd8e7
11.Nb1d2 O-O-O
12.Qd1b3 a5
13.b5 Nc6b8
14.Nf3h4 Bg6h7
15.c4 b6
16.f4 c5
17.bxc6 Nb8xc6
18.Qb3xb6 Nc6b8
19.Ra1b1 Kd7
20.Qb6a7 Ke8
21.Rb1b7 Nb8d7
22.Qa7xa5 g6
23.Be3b6 Rd8c8
24.g5 hxg5
25.fxg5 Nf6h5
26.Be2g4 Rc8d8
27.Bb6xd8 Qe7xd8
28.Bg4xd7 Ke7
29.Bd7c6 Ke6
30.Bc6d5 
1-0

[Event "Match"]
[Site "www.echecsemail.com"]
[Date "2015.02.11"]
[Round "1"]
[White "Andregor"]
[Black "Neoncrash"]
[WhiteElo "2500"]
[BlackElo "1950"]
[Result "1-0"]
[Round "1"]
1.e4 e6
2.d4 d5
3.Nb1d2 c5
4.exd5 Qd8xd5
5.Ng1f3 cxd4
6.Bf1c4 Qd5d7
7.O-O Ng8f6
8.Nd2b3 Nb8c6
9.Nb3xd4 Bf8c5
10.Nd4xc6 Qd7xc6
11.Nf3e5 Qc6b6
12.b3  { time }
1-0

[Event "Match"]
[Site "www.echecsemail.com"]
[Date "2015.02.11"]
[Round "1"]
[White "Neoncrash"]
[Black "Krystek23"]
[WhiteElo "1950"]
[BlackElo "2320"]
[Result "0-1"]
[Round "1"]
1.d4 Ng8f6
2.c4 g6
3.Nb1c3 Bf8g7
4.e4 d6
5.Ng1f3 O-O
6.h3 c6
7.Bc1e3 e5
8.d5 Rf8e8
9.g4 Qd8a5
10.Nf3d2 h6
11.Bf1e2 Re8d8
12.h4 Nf6e8
 { time }
0-1

[Event "Match"]
[Site "www.echecsemail.com"]
[Date "2015.02.11"]
[Round "1"]
[White "Llord"]
[Black "4knights"]
[WhiteElo "1740"]
[BlackElo "1499"]
[Result "1/2-1/2"]
[Round "1"]
1.e4 e5
2.Ng1f3 Ng8f6
3.Nb1c3 Nb8c6
4.Bf1c4 Bf8c5
5.d3 h6
6.Nc3d5 d6
7.Nd5xf6 Qd8xf6
8.O-O O-O
9.Bc1d2 Bc8g4
10.h3 Bg4xf3
11.Qd1xf3 Qf6xf3
12.gxf3 Nc6d4
13.Kg2 c6
14.c3 Nd4e6
15.Bd2e3 Ne6f4
16.Kh2 b5
17.Bc4b3 Bc5b6
18.Kg3 g5
19.a4 d5
20.exd5 Bb6xe3
21.fxe3 bxa4
22.Bb3xa4 Nf4xd5
23.Ba4xc6 Ra8d8
24.Bc6xd5 Rd8xd5
25.d4 Rd5b5
26.b4 Rf8c8
27.Rf1c1 f5
28.Ra1a5 f4
29.exf4 gxf4
30.Kf2 Rb5xa5
31.bxa5 exd4
32.c4 Rc8c5
33.Ke2 Kf7
34.Kd3 Rc5xa5
35.Kxd4 Ke6
36.Ke4 Ra5c5
37.Kxf4 a5
38.Ke4 a4
39.Kd4 Kd6
40.Rc1a1 Rc5a5
41.c5 Ra5xc5
42.Ra1xa4 Rc5d5
43.Ke4 Rd5h5
44.Ra4a6 Ke7
45.Kf4 Rh5xh3
46.Kg4 Rh3h1
47.Ra6a5 Rh1g1
48.Kf4 Rg1h1
49.Kg3 Rh1g1
50.Kf4 Rg1g6
51.Ra5e5 Kf7
{ draw }
1/2-1/2

[Event "Match"]
[Site "www.echecsemail.com"]
[Date "2015.02.11"]
[Round "1"]
[White "Joseph1983"]
[Black "Neverless"]
[WhiteElo "2140"]
[BlackElo "2680"]
[Result "0-1"]
[Round "1"]
1.e4 c5
2.Ng1f3 d6
3.d4 cxd4
4.Nf3xd4 Ng8f6
5.Nb1c3 a6
6.Bf1c4 e6
7.Bc1g5 Bf8e7
8.a3 O-O
9.O-O Qd8c7
10.Bc4b3 h6
11.Bg5e3 Nb8c6
12.h3 Nc6a5
13.Qd1d2 b5
14.Ra1d1 Ra8b8
15.Kh1 e5
16.Nd4e2 Na5xb3
17.cxb3 a5
18.Rd1c1 Qc7b7
19.f3 Bc8e6
20.b4 axb4
21.axb4 Rf8d8
22.Rf1d1 d5
23.exd5 Nf6xd5
24.Nc3xd5 Be6xd5
25.Ne2g3 Bd5xf3
{ resign }
0-1

[Event "Match"]
[Site "www.echecsemail.com"]
[Date "2015.02.11"]
[Round "1"]
[White "Wwgia"]
[Black "Apoorva"]
[WhiteElo "2120"]
[BlackElo "2130"]
[Result "1-0"]
[Round "1"]
1.d4 d5
2.c4 dxc4
3.e3 Ng8f6
4.Bf1xc4 e6
5.Ng1f3 Bf8e7
6.O-O c6
7.Nb1c3 O-O
8.e4 b5
9.Bc4d3 a6
10.Bc1g5 Bc8b7
11.e5 Nf6d5
12.Nc3e4 f5
13.Bg5xe7 Qd8xe7
14.Ne4d6 a5
15.Ra1c1 Nd5b4
16.Bd3b1 Nb4d5
17.Qd1d2 Nd5b6
18.b3 Nb6c8
19.Nd6xb7 Qe7xb7
20.Qd2c3 Nc8e7
21.Qc3c5 h6
22.Nf3e1 Nb8a6
23.Qc5d6 Kf7
24.Ne1c2 Rf8d8
25.Qd6a3 Qb7b6
26.Qa3b2 c5
27.dxc5 Na6xc5
28.Nc2d4 Ne7g6
29.Rf1e1 Rd8d5
30.Nd4f3 Ra8d8
31.a3 Ng6e7
32.b4  { time }
1-0

[Event "Match"]
[Site "www.echecsemail.com"]
[Date "2015.02.11"]
[Round "1"]
[White "Kesalon"]
[Black "Llord"]
[WhiteElo "999"]
[BlackElo "1710"]
[Result "0-1"]
[Round "1"]
1.e4 e5
2.Ng1f3 Nb8c6
3.Bf1b5 Bf8d6
4.Nb1c3 Ng8e7
5.d3 O-O
6.O-O a6
7.Bb5a4 b5
8.Ba4b3 Ne7g6
9.Bc1g5 Bd6e7
10.Qd1d2 Nc6d4
11.Nf3xd4 Be7xg5
12.f4 exd4
13.fxg5 dxc3
14.Qd2f2 cxb2
15.Bb3xf7 Kh8
16.Ra1b1 Ng6e5
17.g6 Ne5xg6
18.Qf2g3 Ng6e7
19.Rb1xb2 d6
20.Qg3h4 Bc8b7
21.c3 d5
22.Rb2f2 h6
23.e5 Ne7c6
24.Qh4g3 Qd8e7
25.e6 Bb7c8
26.Qg3g6 Nc6e5
27.Qg6h5 Ne5xf7
28.Rf2xf7 Rf8xf7
29.Rf1xf7 Qe7e8
30.Qh5g6 Qe8g8
31.e7 Bc8d7
32.g4 Bd7e8
{ resign }
0-1

[Event "Match"]
[Site "www.echecsemail.com"]
[Date "2015.02.11"]
[Round "1"]
[White "Chapi"]
[Black "Apoorva"]
[WhiteElo "1960"]
[BlackElo "2150"]
[Result "1-0"]
[Round "1"]
1.d4 d5
2.c4 Ng8f6
3.cxd5 Nf6xd5
4.e4 Nd5b6
5.Ng1f3 e6
6.Nb1c3 Bf8e7
7.Bc1f4 c6
8.Bf1e2 Nb8d7
9.O-O O-O
10.a4 Nd7f6
11.Nf3e5 Nb6d7
12.Ne5c4 Nd7b6
13.a5 Nb6xc4
14.Be2xc4 Bc8d7
15.e5 Nf6d5
16.Nc3xd5 exd5
17.Bc4d3 f5
18.Rf1e1 Bd7e6
19.Qd1h5 g6
20.Qh5h6 Rf8f7
21.Re1e3 Be7f8
22.Qh6h3 c5
23.Re3g3 cxd4
24.Bd3e2 Rf7g7
25.Bf4h6 Rg7c7
26.Bh6g5 Qd8d7
27.Bg5f6 Bf8g7
28.Bf6xg7 Kxg7
29.f4 Rc7c2
30.Be2h5 Ra8c8
31.Ra1f1 Rc2c1
32.Qh3h4 Rc1xf1
33.Kxf1 Qd7d8
34.Qh4xd8 Rc8xd8
35.Bh5e2 Rd8c8
36.Rg3b3 Rc8c7
37.Rb3b4 Kf7
38.Rb4xd4 Rc7c2
39.b4 Rc2b2
40.Be2f3 h6
41.Bf3xd5 Be6xd5
42.Rd4xd5 Rb2xb4
43.g3 Rb4b2
44.h3 g5
45.Rd5d6 gxf4
46.gxf4 Rb2b3
47.Rd6xh6 Rb3f3
48.Kg2 Rf3xf4
49.Rh6h7 Ke6
50.Rh7xb7 Kxe5
51.Rb7xa7 Rf4a4
52.a6  { time }
1-0

[Event "Match"]
[Site "www.echecsemail.com"]
[Date "2015.02.11"]
[Round "1"]
[White "Dschelpe"]
[Black "Gorgo"]
[WhiteElo "1649"]
[BlackElo "1599"]
[Result "0-1"]
[Round "1"]
1.e4 c5
2.Ng1f3 d6
3.c3 Ng8f6
4.e5 dxe5
5.Nf3xe5 Nb8d7
6.Ne5f3 e5
7.Bf1c4 e4
8.Nf3g5 Nd7e5
9.Qd1b3 Ne5xc4
10.Qb3xc4 Qd8d5
11.Qc4xd5 Nf6xd5
12.Ng5xe4 Nd5f4
13.g3 Nf4d3
14.Kd1 f5
15.Ne4g5 Nd3xf2
16.Ke2 Nf2xh1
17.Kf1 b6
18.Kg2 Bc8b7
19.Kg1 Kd7
20.d3 Ra8e8
21.Bc1d2 Re8e2
22.Ng5h3 Bf8d6
{ resign }
0-1

[Event "Match"]
[Site "www.echecsemail.com"]
[Date "2015.02.11"]
[Round "1"]
[White "Caspito"]
[Black "Vinvangogh"]
[WhiteElo "1820"]
[BlackElo "1260"]
[Result "1-0"]
[Round "1"]
1.e4 e5
2.Ng1f3 Nb8c6
3.Bf1b5 Ng8f6
4.Bb5xc6 bxc6
5.Nf3xe5 Bf8c5
6.d4 Nf6xe4
7.dxc5 Qd8f6
8.f4 Ne4xc5
9.Nb1c3 O-O
10.O-O Bc8a6
11.Rf1e1 Ra8d8
12.Bc1e3 Nc5e6
13.Qd1g4 d5
14.Ne5xc6 d4
15.Nc6xd8 Rf8xd8
16.Nc3e4 Qf6e7
17.Be3f2 d3
18.Bf2h4 Qe7f8
19.Bh4xd8 Qf8xd8
20.cxd3 Ba6c8
21.Ra1c1 Ne6d4
22.Qg4g5 f6
23.Qg5a5 f5
24.Ne4g5 h6
25.Rc1xc7 hxg5
26.Rc7xg7 Kxg7
27.Qa5xd8 Bc8a6
28.Qd8d7 Kh6
29.h3 Nd4c2
30.Re1e6 Kh5
31.Qd7h7 { resign }
1-0

[Event "Match"]
[Site "www.echecsemail.com"]
[Date "2015.02.11"]
[Round "1"]
[White "Rindrandria"]
[Black "Ranjachess"]
[WhiteElo "1480"]
[BlackElo "1600"]
[Result "0-1"]
[Round "1"]
1.f4 d5
2.b4 Ng8f6
3.e3 Bc8f5
4.Bf1e2 e6
5.Be2b5 c6
6.Bb5e2 Bf8xb4
7.a3 Bb4d6
8.Bc1b2 d4
9.Bb2xd4 Bd6xf4
10.exf4 Qd8xd4
11.c3 Qd4xf4
12.Ng1h3 Bf5xh3
13.gxh3 Nf6e4
14.Rh1f1 Qf4xh2
15.Be2g4 Ne4g3
16.Qd1b3 Qh2g2
17.Kd1 Qg2xf1
18.Kc2 b5
19.Bg4xe6 fxe6
20.Qb3xe6 Kd8
21.Qe6d6 Nb8d7
22.Qd6xg3 g6
23.Qg3h4 Kc7
24.Qh4e7 Qf1f5
25.d3 Ra8e8
26.Qe7h4 Re8e2
27.Nb1d2 Nd7c5
28.Qh4g3 Kb7
29.Kd1 Nc5b3
30.Kxe2 Nb3xa1
31.Nd2e4 Rh8e8
32.Kd2 Re8xe4
33.dxe4 Qf5xe4
34.Kd1 Qe4c2
35.Ke1 a5
36.Qg3e5 Na1b3
37.Qe5e7 Kb6
38.Qe7f6 Nb3c1
39.Qf6d8 Ka6
40.Qd8c8 Kb6
41.Qc8e6 Nc1d3
{ resign }
0-1

[Event "Eq:Angels of Checkmate-Slap Shot Mates : "]
[Site "www.chess-mail.com"]
[Date "2015.02.11"]
[Round "1"]
[White "Generalfree"]
[Black "Geodad5"]
[WhiteElo "1670"]
[BlackElo "2070"]
[Result "0-1"]
[Round "1"]
1.e4 c5
2.c4 Nb8c6
3.Ng1f3 d6
4.h3 Ng8f6
5.Nb1c3 e6
6.a3 Bf8e7
7.d3 O-O
8.Bf1e2 Bc8d7
9.Bc1e3 Ra8c8
10.d4 cxd4
11.Nf3xd4 a6
12.b4 Nc6e5
13.Qd1b3 h6
14.f4 Ne5c6
15.g4 Nf6h7
16.O-O-O b5
17.Nd4xc6 Bd7xc6
18.Be2d3 bxc4
19.Bd3xc4 Bc6b7
20.Be3d4 Nh7f6
21.Rh1e1 Qd8c7
22.Bc4d3 e5
23.fxe5 dxe5
24.Bd4c5 Be7xc5
25.bxc5 Qc7xc5
26.Kc2 Rf8d8
27.Qb3b4 Qc5d4
28.Bd3xa6 Qd4xb4
29.axb4 Bb7xa6
30.Rd1xd8 Rc8xd8
31.Re1e3 Rd8d4
32.b5 Ba6b7
33.Re3d3 Nf6xe4
34.Rd3xd4 exd4
35.Nc3xe4 Bb7xe4
36.Kd2 Kf8
37.Kc1 Ke7
38.Kb2 Kd6
{ resign }
0-1

[Event "Eq:Angels of Checkmate-Equipo Juan Diaz : "]
[Site "www.chess-mail.com"]
[Date "2015.02.11"]
[Round "1"]
[White "Korto"]
[Black "Hijodeputa"]
[WhiteElo "2330"]
[BlackElo "1810"]
[Result "1-0"]
[Round "1"]
1.d4 d5
2.Ng1f3 Ng8f6
3.c4 e6
4.cxd5 exd5
5.Nb1c3 c6
6.Bc1g5 Bf8e7
7.e3 Bc8f5
8.Bf1d3 Bf5xd3
9.Qd1xd3 O-O
10.O-O Nb8d7
11.Ra1c1 h6
12.Bg5f4 Rf8e8
13.h3 Nd7f8
14.Rf1d1 Nf8g6
15.Nf3e5 Ng6xe5
16.dxe5 Nf6d7
17.e4 Nd7b6
18.exd5 cxd5
19.Nc3xd5 Nb6xd5
20.Qd3xd5 Qd8b6
21.Bf4e3 Qb6xb2
22.Rc1b1 Qb2a3
23.Rb1xb7 Ra8d8
24.Qd5f3 Rd8xd1
25.Qf3xd1 Qa3xa2
26.Rb7xe7 Re8xe7
27.Qd1d8 Kh7
28.Qd8xe7 a5
29.Qe7c7 a4
30.e6 Qa2xe6
31.Qc7c2 Kg8
32.Qc2xa4 Qe6c8
33.Qa4e4 Qc8d8
34.f4 Qd8d1
35.Kh2 Qd1d8
36.f5 Qd8b8
37.Be3f4 Qb8d8
38.Kg3 Qd8f6
39.Qe4e5 { resign }
1-0

[Event "Eq:BEAC Hungary-La Taverne : "]
[Site "www.chess-mail.com"]
[Date "2015.02.11"]
[Round "1"]
[White "Stevefillion"]
[Black "Emmanuel69"]
[WhiteElo "2320"]
[BlackElo "1940"]
[Result "1-0"]
[Round "1"]
1.c4 c5
2.Ng1f3 Ng8f6
3.d4 e6
4.d5 exd5
5.cxd5 Nf6xd5
6.Qd1xd5 d6
7.e4 Nb8c6
8.Nb1c3 Bf8e7
9.Bc1g5 O-O
10.Bf1e2 Nc6b4
11.Qd5d2 Be7xg5
12.Nf3xg5 h6
13.Ng5f3 Bc8e6
14.O-O Rf8e8
15.Rf1d1 d5
16.exd5 Be6g4
17.a3 Bg4xf3
18.Be2xf3 Nb4a6
19.d6 Ra8b8
20.d7 Re8e7
21.Qd2d6 b6
22.Bf3c6 Na6c7
23.Rd1e1 Re7xe1
24.Ra1xe1 g6
25.Re1e8 Nc7xe8
26.dxe8R Qd8xe8
27.Bc6xe8 Rb8xe8
28.Kf1 { resign }
1-0

[Event "Fast Game"]
[Site "www.echecsemail.com"]
[Date "2015.02.11"]
[Round "1"]
[White "Gambitchess"]
[Black "Fabos12"]
[WhiteElo "1349"]
[BlackElo "1509"]
[Result "0-1"]
[Round "1"]
1.d4 g6
2.Ng1f3 d6
3.h4 Bf8g7
4.h5 gxh5
5.Rh1xh5 Ng8f6
6.Rh5h1 Nb8c6
7.c3 O-O
8.Bc1g5 { time. }
0-1

[Event "Tourn. n7848"]
[Site "www.chess-mail.com"]
[Date "2015.02.12"]
[Round "1"]
[White "Antuan72"]
[Black "Roserl"]
[WhiteElo "2020"]
[BlackElo "1910"]
[Result "1-0"]
[Round "1"]
1.e4 c5
2.a3 Nb8c6
3.b4 cxb4
4.axb4 Nc6xb4
5.c3 Nb4c6
6.d4 d5
7.exd5 Qd8xd5
8.Nb1a3 a6
9.Na3b5 Qd5d8
10.Bc1f4 e5
11.dxe5 Qd8xd1
12.Kxd1 Kd8
13.Ng1f3 Bf8c5
14.Ke2 Ng8e7
15.Ra1d1 Bc8d7
16.Nb5d6 Bc5xd6
17.exd6 Ne7g6
18.Bf4g3 Rh8e8
19.Kd2 Kc8
20.Bf1d3 Kb8
21.Rh1e1 Ka7
22.h3 Ra8c8
23.Bd3c4 Bd7e6
24.Bc4xe6 fxe6
25.d7 Rc8d8
26.Kc2 Re8e7
27.Bg3c7 Rd8xd7
28.Bc7g3 Rd7xd1
29.Re1xd1 e5
30.h4 Ng6f4
31.Bg3xf4 exf4
32.Rd1d2 h6
33.Nf3d4 Nc6xd4
34.cxd4 b5
35.d5 Kb6
36.g3 fxg3
37.fxg3 a5
38.Rd2d3 Kc5
39.d6 Re7d7
40.Rd3a3 a4
41.Ra3d3 Rd7xd6
42.Rd3a3 Rd6g6
43.Ra3d3 b4
44.Rd3f3 Rg6g4
45.Rf3f5 Kc4
46.Rf5f3 a3
47.Rf3f4 Rg4xf4
48.gxf4 b3
{ time. }
1-0

[Event "Tourn. n8027"]
[Site "www.chess-mail.com"]
[Date "2015.02.12"]
[Round "1"]
[White "Maredocla"]
[Black "Stevo100"]
[WhiteElo "2030"]
[BlackElo "2030"]
[Result "1-0"]
[Round "1"]
1.f4 d5
2.Ng1f3 Ng8f6
3.b3 Bc8g4
4.e3 e6
5.h3 Bg4xf3
6.Qd1xf3 Bf8e7
7.Bc1b2 O-O
8.Bf1d3 c5
9.c3 Nb8c6
10.O-O e5
11.fxe5 Nc6xe5
12.Qf3e2 Nf6h5
13.Bd3xh7 Kxh7
14.Qe2xh5 Kg8
15.Qh5xe5 Be7d6
16.Qe5f5  { time }
1-0

[Event "Tourn. n8014"]
[Site "www.chess-mail.com"]
[Date "2015.02.12"]
[Round "1"]
[White "Numanoid"]
[Black "Tenzinnima"]
[WhiteElo "2630"]
[BlackElo "2270"]
[Result "1-0"]
[Round "1"]
1.e4 c5
2.Ng1f3 d6
3.Bf1b5 Nb8c6
4.Bb5xc6 bxc6
5.O-O Ng8f6
6.e5 Nf6d7
7.Rf1e1 e6
8.exd6 Bf8xd6
9.b3 O-O
10.Bc1b2 Bc8a6
11.d3 Rf8e8
12.Nb1d2 Qd8c7
13.Nd2e4 Ra8d8
14.Ne4xd6 Qc7xd6
15.Nf3g5 e5
16.Qd1h5 Nd7f6
17.Qh5xf7 Kh8
18.Qf7xa7 Rd8a8
19.Qa7xa8 Re8xa8
20.Ng5f7 { resign }
1-0

[Event "Tourn. n8073"]
[Site "www.chess-mail.com"]
[Date "2015.02.12"]
[Round "1"]
[White "Bbking"]
[Black "Algebra"]
[WhiteElo "1540"]
[BlackElo "1529"]
[Result "0-1"]
[Round "1"]
1.e4 e5
2.Ng1f3 Ng8f6
3.Nf3xe5 d6
4.Ne5f3 Nf6xe4
5.Nb1c3 Ne4xc3
6.bxc3 Nb8d7
7.d4 Nd7f6
8.Bc1g5 Bf8e7
9.Bg5xf6 Be7xf6
10.Bf1b5 c6
11.Bb5a4 O-O
12.O-O d5
13.Ra1b1 Qd8a5
14.Rb1b4 Bf6e7
15.c4 Qa5xb4
{ resign }
0-1

[Event "Tourn. n7811"]
[Site "www.chess-mail.com"]
[Date "2015.02.12"]
[Round "1"]
[White "Bigrezi"]
[Black "Picifarkinca"]
[WhiteElo "1900"]
[BlackElo "1779"]
[Result "0-1"]
[Round "1"]
1.e4 c6
2.d4 d5
3.Nb1c3 dxe4
4.Nc3xe4 Nb8d7
5.Ng1f3 Ng8f6
6.Bf1d3 Nf6xe4
7.Bd3xe4 Nd7f6
8.Qd1d3 Nf6xe4
9.Qd3xe4 Qd8d5
10.Qe4d3 Bc8f5
11.Qd3c3 Qd5e4
12.Bc1e3 Qe4xc2
13.Qc3xc2 Bf5xc2
14.O-O e6
15.Ra1c1 Bc2e4
16.Nf3d2 Be4d5
17.a3 Bf8e7
18.b4 O-O
19.Rc1c2 Be7f6
20.f3 Rf8d8
21.Rf1d1 a5
22.Rd1c1 axb4
23.axb4 Ra8a3
24.Be3f2 Ra3d3
25.Nd2b1 Bf6xd4
26.Bf2xd4 Rd3xd4
27.b5 Bd5b3
28.Rc2c3 Rd4d1
29.Kf2 Rd1xc1
30.Rc3xc1 cxb5
31.Nb1a3 b4
32.Na3b5 Bb3d5
33.Rc1b1 b3
34.Nb5d4 e5
35.Nd4xb3 b5
36.Nb3c1 Bd5c4
37.Nc1b3 g6
38.Nb3a5 Rd8d2
39.Kg3 Bc4d3
40.Rb1b4 Rd2a2
41.Na5c6 f6
42.Nc6e7 Kf7
43.Ne7d5 Ra2a4
44.Rb4b2 Bd3c4
45.Nd5b6 Ra4a6
46.Nb6xc4 bxc4
47.Rb2b7 Ke6
48.Rb7c7 Kd5
49.Kf2 Ra6c6
50.Rc7xc6 Kxc6
51.Ke2 Kc5
52.Kd2 Kd4
53.Ke2 Kc3
54.Kd1 Kb2
55.g3 c3
{ resign }
0-1

[Event "Tourn. n7958"]
[Site "www.chess-mail.com"]
[Date "2015.02.12"]
[Round "1"]
[White "Apoorva"]
[Black "Bevittsmith"]
[WhiteElo "2110"]
[BlackElo "2260"]
[Result "0-1"]
[Round "1"]
1.d4 Ng8f6
2.c3 d5
3.Nb1d2 g6
4.Qd1c2 Bf8g7
5.e4 dxe4
6.Nd2xe4 Nf6xe4
7.Qc2xe4 Nb8d7
8.Bf1c4 Nd7f6
9.Qe4c2 O-O
10.Ng1e2 c6
11.O-O Bc8f5
12.Qc2b3 b5
13.Bc4xb5 cxb5
14.Qb3xb5 Qd8b6
15.Qb5a4 Rf8e8
16.b3 Bf5d7
17.Qa4a3 e5
18.Bc1e3 Nf6d5
19.Ra1d1 exd4
20.Be3xd4 Bg7xd4
21.Rd1xd4 Bd7c6
22.Qa3b2 Re8e7
23.Ne2g3 Ra8e8
 { time }
0-1

[Event "Tourn. n7830"]
[Site "www.chess-mail.com"]
[Date "2015.02.12"]
[Round "1"]
[White "Falcoale"]
[Black "Orhany24"]
[WhiteElo "2050"]
[BlackElo "1880"]
[Result "1/2-1/2"]
[Round "1"]
1.e4 e5
2.Ng1f3 Nb8c6
3.Bf1b5 a6
4.Bb5a4 Ng8f6
5.d3 b5
6.Ba4b3 Bf8e7
7.h3 d5
8.Nb1d2 O-O
9.O-O h6
10.Nf3h2 Nc6a5
11.c3 Na5xb3
12.axb3 c6
13.Nh2f3 Qd8c7
14.Rf1e1 Be7d6
15.Nd2f1 Bc8e6
16.Nf1g3 Nf6h7
17.Nf3h2 f5
18.exf5 Be6xf5
19.Ng3xf5 Rf8xf5
20.Nh2g4 Ra8f8
21.Re1e2 Nh7f6
22.Ng4e3 Rf5h5
23.Ne3f1 Nf6h7
24.Ra1xa6 Rh5f5
25.Nf1g3 Rf5f7
26.Bc1e3 c5
27.Re2c2 Nh7f6
28.Ng3f5 Bd6e7
29.d4 c4
30.bxc4 bxc4
31.Nf5xe7 Qc7xe7
32.Rc2c1 Nf6e4
33.Qd1g4 Ne4xf2
34.Be3xf2 Rf7xf2
35.Ra6e6 Qe7f7
36.Re6xe5 Rf2f1
37.Rc1xf1 Qf7xf1
38.Kh2 Rf8f4
39.Qg4e6 Kh7
40.Re5xd5 Qf1f2
41.Rd5d8 Rf4f5
42.Qe6xc4 Qf2f4
43.Kg1 Qf4e3
44.Kh2 Qe3f4
45.Kg1 Qf4f2
46.Kh2 Qf2f4

1/2-1/2

[Event "Tourn. n8047"]
[Site "www.chess-mail.com"]
[Date "2015.02.12"]
[Round "1"]
[White "Faerieking"]
[Black "Tenzinnima"]
[WhiteElo "2250"]
[BlackElo "2290"]
[Result "0-1"]
[Round "1"]
1.e4 c5
2.Ng1f3 d6
3.d4 cxd4
4.Nf3xd4 Ng8f6
5.Nb1c3 g6
6.f4 Nb8c6
7.Nd4xc6 bxc6
8.e5 Nf6d7
9.exd6 exd6
10.Bc1e3 Bf8e7
11.Qd1d2 O-O
12.O-O-O Nd7b6
13.Bf1e2 d5
14.Kb1 Ra8b8
15.h4 h5
16.g4 Bc8xg4
17.Be2xg4 Nb6c4
18.Qd2f2 Rb8xb2
19.Ka1 Be7b4
20.Nc3a4 Qd8a5
{ resign }
0-1

[Event "Tourn. n8041"]
[Site "www.chess-mail.com"]
[Date "2015.02.12"]
[Round "1"]
[White "Tomcapp"]
[Black "Zazi"]
[WhiteElo "1460"]
[BlackElo "1590"]
[Result "0-1"]
[Round "1"]
1.e4 a5
2.Nb1c3 b6
3.Bf1b5 c6
4.Bb5c4 b5
5.Bc4d3 e5
6.Ng1f3 f6
7.a4 b4
8.Nc3e2 g5
9.b3 h5
10.Bd3c4 Ng8h6
11.h3 Nb8a6
12.d3 d5
13.exd5 cxd5
14.Bc4b5 Kf7
15.Ra1a2 g4
16.hxg4 Bc8xg4
17.Bb5xa6 Ra8xa6
18.Rh1h4 Qd8b6
19.Kf1 Bf8c5
20.Bc1xh6 Rh8xh6
21.Ra2a1 Bc5xf2
22.d4 Bf2xh4
23.dxe5 Qb6f2

0-1

[Event "Tourn. n7962"]
[Site "www.chess-mail.com"]
[Date "2015.02.12"]
[Round "1"]
[White "Falcoale"]
[Black "Dominiquer"]
[WhiteElo "1870"]
[BlackElo "1890"]
[Result "1-0"]
[Round "1"]
1.e4 c5
2.Ng1f3 d6
3.d4 cxd4
4.Nf3xd4 Ng8f6
5.Nb1c3 g6
6.Bf1d3 Bf8g7
7.Nd4b3 Bc8g4
8.f3 Bg4e6
9.Nb3d4 Be6d7
10.Bc1g5 Nb8c6
11.Nd4xc6 Bd7xc6
12.Qd1d2 h6
13.Bg5h4 Qd8b6
14.Ra1b1 Nf6h5
15.Bh4f2 Qb6c7
16.O-O Bg7e5
17.Nc3e2 d5
18.f4 Nh5xf4
19.Ne2xf4 Be5xf4
20.Bf2g3 Bf4xg3
21.hxg3 dxe4
22.Bd3c4 e6
23.Qd2e3 O-O-O
24.Qe3xa7 Qc7xg3
25.Rf1xf7 Qg3b8
26.Bc4xe6 Bc6d7
27.Be6xd7 Kc7
28.Qa7c5 
1-0

[Event "Tourn. n8009"]
[Site "www.chess-mail.com"]
[Date "2015.02.12"]
[Round "1"]
[White "Birdchess"]
[Black "Georgepapi"]
[WhiteElo "1660"]
[BlackElo "1860"]
[Result "1/2-1/2"]
[Round "1"]
1.e4 e5
2.Ng1f3 Nb8c6
3.Bf1b5 a6
4.Bb5xc6 dxc6
5.d4 exd4
6.Qd1xd4 Qd8xd4
7.Nf3xd4 Bf8d6
8.Nb1c3 Ng8f6
9.Bc1g5 Bd6e5
10.Nd4e2 h6
11.Bg5xf6 Be5xf6
12.O-O-O O-O
13.f4 Bc8g4
14.Rd1e1 Rf8e8
15.e5 Bf6e7
16.h3 Bg4xe2
17.Re1xe2 Be7b4
18.Nc3e4 Ra8d8
19.c3 Bb4a5
20.Rh1d1 Ba5b6
21.Kc2 Rd8d5
22.Rd1xd5 cxd5
23.Ne4g3 d4
24.Ng3e4 Re8d8
25.cxd4 Rd8xd4
26.Kc3 Rd4d1
27.Re2d2 Bb6a5
28.b4 Rd1xd2
29.Ne4xd2 Ba5b6
30.Nd2c4 Bb6f2
31.Kd3 { draw }
1/2-1/2

[Event "Match"]
[Site "www.echecsemail.com"]
[Date "2015.02.12"]
[Round "1"]
[White "Sbartlett"]
[Black "Catalani"]
[WhiteElo "1479"]
[BlackElo "1519"]
[Result "1-0"]
[Round "1"]
1.e4 e5
2.Ng1f3 d6
3.d4 Bc8g4
4.d5 Bg4xf3
5.Qd1xf3 a6
6.Qf3b3 b5
7.c4 Qd8h4
8.Nb1c3 Nb8d7
9.cxb5 Nd7c5
10.Qb3c4 a5
11.b6 cxb6
12.Qc4b5 Nc5d7
13.Qb5c6 Ra8d8
14.Bf1b5 Ng8f6
15.Qc6xb6 Nf6xe4
16.O-O Bf8e7
17.g3 Ne4xg3
18.Bb5xd7 Rd8xd7
19.fxg3 Qh4d4
20.Qb6xd4 exd4
21.Nc3b5 O-O
22.Nb5xd4 Be7f6
23.Nd4f5 Rf8c8
24.Ra1b1 Rc8c5
25.Rf1d1 h6
26.a4 Bf6g5
27.Bc1xg5 hxg5
28.Rb1c1 Rc5xc1
29.Rd1xc1 g6
30.Nf5d4 Rd7b7
31.b3 Rb7b4
32.Rc1c4 Rb4xc4
33.bxc4 Kf8
34.Nd4c6 { resign }
1-0

[Event "Match"]
[Site "www.echecsemail.com"]
[Date "2015.02.12"]
[Round "1"]
[White "Groz"]
[Black "Calponas"]
[WhiteElo "1809"]
[BlackElo "2050"]
[Result "0-1"]
[Round "1"]
1.d4 Ng8f6
2.c4 g6
3.Nb1c3 d5
4.cxd5 Nf6xd5
5.e4 Nd5xc3
6.bxc3 Bf8g7
7.Bf1c4 O-O
8.Ng1e2 c5
9.Bc1e3 Nb8c6
10.O-O Bc8g4
11.f3 Nc6a5
12.Bc4xf7 Rf8xf7
13.fxg4 Rf7xf1
14.Kxf1 cxd4
15.cxd4 e5
16.d5 Na5c4
17.Be3f2 Qd8f6
18.Kg1 Ra8f8
19.Qd1e1 Bg7h6
20.h4 Bh6d2
21.Qe1f1 Nc4e3
{ resign }
0-1

[Event "Match"]
[Site "www.echecsemail.com"]
[Date "2015.02.12"]
[Round "1"]
[White "Neverless"]
[Black "Apoorva"]
[WhiteElo "2660"]
[BlackElo "2170"]
[Result "1-0"]
[Round "1"]
1.e4 c5
2.Ng1f3 d5
3.exd5 Qd8xd5
4.Nb1c3 Qd5d8
5.d4 e6
6.Bc1f4 a6
7.Bf1c4 b5
8.Bc4d3 cxd4
9.Bd3e4 dxc3
10.Qd1xd8 Kxd8
11.O-O-O Nb8d7
12.Be4xa8 cxb2
13.Kxb2 Ng8f6
14.Nf3e5 Ke8
15.Ba8c6 Bf8e7
16.Ne5xd7 Bc8xd7
17.Rd1xd7 Nf6xd7
18.Rh1d1 f5
19.Rd1xd7  { time }
1-0

[Event "Match"]
[Site "www.echecsemail.com"]
[Date "2015.02.12"]
[Round "1"]
[White "Micheles"]
[Black "Longdiagonal"]
[WhiteElo "2530"]
[BlackElo "1809"]
[Result "1-0"]
[Round "1"]
1.d4 Ng8f6
2.Ng1f3 g6
3.Bc1g5 Bf8g7
4.Nb1d2 d5
5.e3 O-O
6.Bf1e2 c5
7.c3 cxd4
8.exd4 Nb8c6
9.O-O Nf6e4
10.Nd2xe4 dxe4
11.Nf3d2 f5
12.Be2c4 Kh8
13.Qd1e2 Nc6a5
14.Bg5f4 Qd8b6
15.b3 Bc8e6
16.Bc4xe6 Qb6xe6
17.f3  { time }
1-0

[Event "Match"]
[Site "www.echecsemail.com"]
[Date "2015.02.12"]
[Round "1"]
[White "Emmanuelasi"]
[Black "Apoorva"]
[WhiteElo "2050"]
[BlackElo "1960"]
[Result "1-0"]
[Round "1"]
1.e4 c5
2.d4 cxd4
3.c3 dxc3
4.Nb1xc3 e6
5.Bf1c4 a6
6.Ng1f3 b5
7.Bc4b3 Bc8b7
8.Qd1e2 Bf8c5
9.O-O Nb8c6
10.Rf1d1 Qd8c7
11.Bc1g5 h6
12.Bg5h4 Ng8e7
13.Ra1c1 Qc7b6
14.a3 Nc6d4
15.Nf3xd4 Bc5xd4
16.Bh4xe7 Kxe7
17.Qe2d2 e5
18.Nc3d5 Bb7xd5
19.Bb3xd5 Ra8c8
20.h3 Rh8d8
21.Qd2e2 f5
22.exf5 Rc8xc1
23.Rd1xc1 Qb6f6
24.Rc1d1 Kf8
25.Qe2c2 Qf6d6
26.Bd5a2 Qd6c5
27.Qc2e2 d5
28.Rd1f1 Rd8c8
29.Kh1 Ke7
30.f4 e4
31.Rf1d1 Rc8d8
32.b4 Qc5c3
33.Ba2xd5 e3
34.Bd5e6 g6
35.Qe2f3 Kf6
36.Qf3g4 g5
37.fxg5 hxg5
38.h4 e2
39.Qg4xe2 Rd8h8
40.h5 Bd4e5
41.Qe2d3 Rh8xh5
42.Kg1 Be5h2
43.Kf1 Qc3c7
44.Qd3d8 Qc7xd8
45.Rd1xd8 Bh2e5
46.Rd8a8 Rh5h1
47.Kf2 g4
48.Ra8xa6 Kg5
49.Be6d7 Kf4
50.Bd7xb5 Kxf5
51.Bb5c6 Rh1c1
52.b5 Rc1c2
53.Ke3 Rc2c3
54.Ke2 Be5d6
55.Bc6d7 Ke5
56.Bd7xg4 Bd6xa3
57.b6 Ba3d6
58.b7 Rc3b3
59.Bg4c8 Bd6b8
60.g4 Kf4
61.Ra6a5 Rb3g3
62.Ra5a8 Bb8e5
63.b8Q Be5xb8
64.Ra8xb8 Rg3c3
65.Bc8f5 Rc3g3
66.Rb8b4 Kg5
67.Rb4d4 Rg3a3
68.Rd4d3 Ra3a1
69.Kf3 Ra1f1
70.Kg2 Rf1e1
71.Bf5d7 Re1e5
72.Kg3 Re5c5
73.Rd3b3 Rc5c7
74.Rb3b5 Kg6
75.Bd7f5  { time }
1-0

[Event "Match"]
[Site "www.echecsemail.com"]
[Date "2015.02.12"]
[Round "1"]
[White "Jose"]
[Black "Ostapbender"]
[WhiteElo "2610"]
[BlackElo "2620"]
[Result "1-0"]
[Round "1"]
1.Ng1f3 Ng8f6
2.c4 g6
3.Nb1c3 Bf8g7
4.e4 d6
5.d4 O-O
6.Bf1e2 e5
7.O-O Nb8c6
8.d5 Nc6e7
9.b4 a5
10.Bc1a3 axb4
11.Ba3xb4 b6
12.a4 Rf8e8
13.Rf1e1 Bg7f8
14.Be2f1 c5
15.Bb4a3 Bf8h6
16.Nc3b5 Re8f8
17.Ba3c1 Bh6xc1
18.Qd1xc1 Nf6e8
19.Qc1h6 f6
20.Ra1a3 Rf8f7
21.Re1a1 g5
22.Nf3d2 Rf7g7
23.Bf1e2 Rg7g6
24.Qh6h5 f5
25.Qh5f3 Ne8f6
26.Qf3c3 Ra8a5
27.exf5 Ne7xf5
28.Be2d3 Nf5d4
29.Nd2b3 Nd4xb3
30.Ra3xb3 Rg6g7
31.Qc3c2 Rg7f7
32.Nb5c3 Kg7
33.Qc2b2 Ra5a6
34.Ra1b1 Rf7b7
35.Qb2d2 h6
36.Bd3c2 Bc8d7
37.Nc3b5 Qd8e7
38.Qd2d3 Bd7e8
39.h4 g4
40.Rb3b2 Kh8
41.Qd3e3 Nf6g8
42.g3 Kg7
43.f4 Be8xb5
44.Rb2xb5 exf4
45.Qe3xf4 Ng8f6
46.Qf4f2 Ra6a8
47.Rb1e1 Qe7f7
48.Rb5b1 Ra8e8
49.Re1f1 Rb7e7
50.Qf2f4 Re7e2
51.Bc2d3 Re2e3
52.Bd3f5 Re3f3
53.Rf1xf3 gxf3
54.Bf5e6 Qf7g6
55.Rb1xb6  { time }
1-0